| 000 | 00643nam a2200205 a 4500 | ||
|---|---|---|---|
| 001 | 000024387 | ||
| 005 | 20200930022949.0 | ||
| 008 | 110126s1997 ck 000 | spa d | ||
| 040 |
_aDO-SdBNP _bspa _cBNPHU |
||
| 082 |
_a920 _bN385u |
||
| 100 | 1 |
_aNegrete Soto, Rodrigo, _d1940- _950010 |
|
| 245 | 1 | 3 |
_aLa última esperanza : / _cRodrigo Negrete Soto. |
| 260 |
_aSanta Fé de Bogotá : _bEditorial Solar, _c1997. |
||
| 300 |
_a241 p. ; _c21 cm. |
||
| 500 | _aIncluye índice | ||
| 600 | 1 | 4 |
_aNEGRETE SOTO, RODRIGO, 1940- _950011 |
| 650 | 4 |
_aSecuestro _xRelatos personales _946049 |
|
| 700 | 1 |
_aBustos González, _eProl. _950012 |
|
| 049 | _aBNRG | ||
| 999 |
_c23880 _d23880 |
||